000 00316nam a22001457a 4500
003 SGT
020 _a0-07-451770-8
082 _a658.38
_bI89M
100 _aMONAPPA,ARUN
245 _aINDUSTRIAL RELATIONS
260 _aNEW DELHI
_bTATA MC GRAW HILL
_c1989
300 _a388
650 _aPHARMACY
942 _2ddc
_cBK
999 _c11226
_d11226